[Event "Rhein Main op-B 25th"]
[Site "Bad Homburg"]
[Date "2023.06.10"]
[Round "6"]
[White "Pichl, Christoph"]
[Black "Benz, Juergen"]
[Result "1-0"]
[WhiteElo "1717"]
[BlackElo "1435"]
[PlyCount "93"]
[EventDate "2023.06.07"]
[EventType "swiss"]
[EventRounds "7"]
[EventCountry "GER"]
[SourceTitle "CBM 215 Extra"]
[Source "ChessBase"]
[SourceDate "2023.09.30"]
[SourceVersion "1"]
[SourceVersionDate "2023.09.30"]
[SourceQuality "1"]

1. d4 d5 2. c4 c6 3. Nc3 Nf6 4. e3 Bf5 5. cxd5 cxd5 6. Qb3 Qd7 7. Bb5 Nc6 8. Nf3 a6 9. Ne5 Qd6 10. Bxc6+ bxc6 11. Na4 Rb8 12. Qd1 Nd7 13. Nxd7 Bxd7 14. Nc5 Bc8 15. Bd2 Rxb2 16. Qa4 e5 17. Nd3 Rb5 18. dxe5 Qg6 19. Nf4 Qf5 20. Rc1 Bb7 21. Qd4 c5 22. Qa1 Be7 23. a4 Rb3 24. 0-0 0-0 25. Rb1 Rxb1 26. Rxb1 Qd7 27. Bc3 Qc6 28. Qb2 Rb8 29. f3 Bd8 30. Nd3 h6 31. Kf2 Be7 32. a5 Qa4 33. Nf4 Qc6 34. Nd3 c4 35. Nb4 Qe6 36. Nc2 f6 37. exf6 Bxf6 38. Bxf6 gxf6 39. Qb6 Qe5 40. Qa7 Qc7 41. Qb6 Qe5 42. Nd4 Kg7 43. Qa7 c3 44. Rxb7+ Rxb7 45. Qxb7+ Kg6 46. Qxa6 c2 47. Qd3+ 1-0

[Event "Rhein Main op-B 25th"]
[Site "Bad Homburg"]
[Date "2023.06.08"]
[Round "2"]
[White "Fischer, Frederik"]
[Black "Benz, Juergen"]
[Result "0-1"]
[WhiteElo "1107"]
[BlackElo "1435"]
[PlyCount "90"]
[EventDate "2023.06.07"]
[EventType "swiss"]
[EventRounds "7"]
[EventCountry "GER"]
[SourceTitle "CBM 215 Extra"]
[Source "ChessBase"]
[SourceDate "2023.09.30"]
[SourceVersion "1"]
[SourceVersionDate "2023.09.30"]
[SourceQuality "1"]

1. c4 c6 2. e4 d5 3. cxd5 cxd5 4. exd5 Qxd5 5. Nc3 Qe5+ 6. Be2 Nc6 7. Nf3 Qa5 8. d4 a6 9. 0-0 Bf5 10. Nh4 Be6 11. d5 Rd8 12. Qb3 Bxd5 13. Nxd5 Nd4 14. Qc4 Nxe2+ 15. Qxe2 Qxd5 16. Be3 Qa5 17. Qf3 Qb4 18. Nf5 e6 19. Nd4 Nf6 20. Nb3 Bd6 21. Bd4 Be7 22. Bc3 Qb5 23. Na5 Rd5 24. Rfd1 0-0 25. a4 Qd7 26. b3 Rd8 27. Rxd5 Nxd5 28. h3 Nxc3 29. Qxc3 Bf6 30. Qc1 Bxa1 31. Qxa1 Qc7 32. Nc4 h6 33. g3 b5 34. axb5 axb5 35. Ne5 Qc2 36. Qa7 Qf5 37. Nc6 Rd1+ 38. Kh2 Kh7 39. Ne7 Qe4 40. g4 Qh1+ 41. Kg3 Rg1+ 42. Kf4 Qxh3 43. f3 Qg3+ 44. Ke4 Re1+ 45. Kd3 Qxf3+ 0-1

[Event "Rhein Main op-B 24th"]
[Site "Bad Homburg"]
[Date "2022.06.18"]
[Round "6"]
[White "Stock, Juergen"]
[Black "Benz, Juergen"]
[Result "1-0"]
[WhiteElo "1851"]
[BlackElo "1416"]
[PlyCount "89"]
[EventDate "2022.06.15"]
[EventType "swiss"]
[EventRounds "7"]
[EventCountry "GER"]
[SourceTitle "EXT 2023"]
[Source "ChessBase"]
[SourceDate "2022.10.05"]
[SourceVersion "1"]
[SourceVersionDate "2022.10.05"]
[SourceQuality "1"]

1. d4 Nf6 2. c3 d5 3. Bg5 Bf5 4. Nd2 Nbd7 5. e3 c6 6. Be2 Qc7 7. f4 h6 8. Bxf6 Nxf6 9. Ngf3 e6 10. a4 Ng4 11. Nf1 a6 12. h3 Nf6 13. Ne5 c5 14. Bf3 Qb6 15. Qe2 cxd4 16. exd4 Bd6 17. Ng3 Bh7 18. 0-0 Rd8 19. Kh1 0-0 20. Qd2 Qc7 21. Rfe1 Ne8 22. Ne2 Qe7 23. g4 Qh4 24. Kg2 Be7 25. Ng3 Nc7 26. Bd1 f5 27. Nf3 Qf6 28. g5 hxg5 29. fxg5 Qg6 30. Bc2 Bd6 31. h4 Qf7 32. Rh1 Bxg3 33. Kxg3 Qh5 34. Kf2 Ne8 35. Rae1 Rd6 36. Ne5 Nc7 37. Qf4 Rfd8 38. Bd1 Qe8 39. h5 g6 40. hxg6 Bxg6 41. Rh6 Kg7 42. Reh1 Bf7 43. Rh7+ Kf8 44. g6 Bg8 45. Qh6# 1-0

[Event "Heusenstamm Sparkassen op-B 6th"]
[Site "Heusenstamm"]
[Date "2019.11.24"]
[Round "7"]
[White "Benz, Juergen"]
[Black "Bako, Isabella"]
[Result "1-0"]
[WhiteElo "1402"]
[BlackElo "1177"]
[PlyCount "75"]
[EventDate "2019.11.21"]
[EventType "swiss"]
[EventRounds "7"]
[EventCountry "GER"]
[SourceTitle "CBM 194 Extra"]
[Source "ChessBase"]
[SourceDate "2020.03.31"]
[SourceVersion "1"]
[SourceVersionDate "2020.03.31"]
[SourceQuality "1"]

1. e4 c5 2. Nf3 d6 3. d4 cxd4 4. Nxd4 Nf6 5. Nc3 g6 6. Bg5 Bg7 7. Bc4 0-0 8. Qd2 Nc6 9. 0-0-0 Bd7 10. h4 h5 11. Bh6 Rc8 12. a3 Ne5 13. Bb3 Nc4 14. Bxc4 Rxc4 15. Bxg7 Kxg7 16. Qd3 Rc8 17. f4 Ng4 18. Rdf1 Qc7 19. f5 a6 20. Rh3 Qc4 21. Qd1 e5 22. Nb3 Bb5 23. Rd3 Ne3 24. Qf3 Nxf1 25. Qxf1 Qc6 26. Na5 Bxd3 27. Qxd3 Qb6 28. Nc4 Qg1+ 29. Nd1 Qxg2 30. Nxd6 Rfd8 31. c3 Rc6 32. Qd5 Qg3 33. Qxf7+ Kh8 34. Qf6+ Kg8 35. Qxd8+ Kg7 36. f6+ Kh7 37. Qe7+ Kh6 38. Qg7# 1-0

[Event "Heusenstamm Sparkassen op-B 6th"]
[Site "Heusenstamm"]
[Date "2019.11.23"]
[Round "4"]
[White "Benz, Juergen"]
[Black "Merz, Leander"]
[Result "1-0"]
[WhiteElo "1402"]
[BlackElo "1164"]
[PlyCount "61"]
[EventDate "2019.11.21"]
[EventType "swiss"]
[EventRounds "7"]
[EventCountry "GER"]
[SourceTitle "CBM 194 Extra"]
[Source "ChessBase"]
[SourceDate "2020.03.31"]
[SourceVersion "1"]
[SourceVersionDate "2020.03.31"]
[SourceQuality "1"]

1. e4 e6 2. d4 d5 3. e5 c5 4. c3 Nc6 5. Nf3 Qb6 6. Be2 Nge7 7. 0-0 Nf5 8. g4 Nh6 9. h3 cxd4 10. cxd4 f6 11. Bxh6 gxh6 12. exf6 Qxb2 13. Nbd2 Nxd4 14. Nxd4 Qxd4 15. f7+ Kxf7 16. Qc2 Bd6 17. Nf3 Qc5 18. Qb2 Rf8 19. Ne5+ Bxe5 20. Qxe5 Qe7 21. Rac1 Qf6 22. Rc7+ Kg8 23. Qe3 Rf7 24. Rfc1 d4 25. Rxc8+ Rxc8 26. Rxc8+ Kg7 27. Qg3 Qg6 28. Bd3 Qg5 29. Qb8 Qd2 30. Qe5+ Rf6 31. Rc7+ 1-0

[Event "Heusenstamm Sparkassen op-B 6th"]
[Site "Heusenstamm"]
[Date "2019.11.21"]
[Round "1"]
[White "Plaumann, Arvin"]
[Black "Benz, Juergen"]
[Result "1-0"]
[WhiteElo "1691"]
[BlackElo "1402"]
[PlyCount "117"]
[EventDate "2019.11.21"]
[EventType "swiss"]
[EventRounds "7"]
[EventCountry "GER"]
[SourceTitle "CBM 194 Extra"]
[Source "ChessBase"]
[SourceDate "2020.03.31"]
[SourceVersion "1"]
[SourceVersionDate "2020.03.31"]
[SourceQuality "1"]

1. e4 c5 2. Nc3 Nc6 3. Nf3 d6 4. d4 cxd4 5. Nxd4 Nf6 6. Bc4 e5 7. Nf3 a6 8. Bg5 Be7 9. 0-0 0-0 10. Qd2 Bg4 11. Rad1 Bxf3 12. gxf3 Nd4 13. Qd3 Nh5 14. Bxe7 Qxe7 15. Nd5 Qg5+ 16. Kh1 Nf4 17. Nxf4 Qxf4 18. Rg1 Nxf3 19. Rg3 Nd4 20. c3 Nc6 21. Rdg1 g6 22. Rf3 Qh4 23. Qxd6 Rad8 24. Qf6 Qxf6 25. Rxf6 Rd2 26. b4 Kg7 27. Rf3 Ne7 28. Bb3 f5 29. exf5 Nxf5 30. Rg4 Kf6 31. Rc4 Rfd8 32. Rc7 R8d7 33. Rc8 Kg5 34. Be6 Rd1+ 35. Kg2 Nh4+ 36. Kg3 Nxf3 37. Bxd7 Rxd7 38. Kxf3 Rd2 39. a4 Rd7 40. b5 axb5 41. axb5 h5 42. c4 Kh4 43. c5 Kh3 44. c6 bxc6 45. Rxc6 g5 46. Re6 Rd5 47. b6 Rb5 48. Rh6 h4 49. Rg6 Kxh2 50. Rxg5 Rxb6 51. Rxe5 Rf6+ 52. Ke2 Rg6 53. f4 Kg2 54. Rg5+ Rxg5 55. fxg5 h3 56. g6 h2 57. g7 h1Q 58. g8Q+ Kh2 59. Kf2 1-0